[Event "Quebec op U1700"]
[Site "Montreal CAN"]
[Date "2016.07.24"]
[Round "2.16"]
[White "Stoyanova, Stela"]
[Black "Sonn, Eric"]
[Result "0-1"]
[WhiteElo "1474"]
[BlackElo "1506"]
[PlyCount "136"]
[EventDate "2016.07.23"]
[EventType "swiss"]
[EventRounds "8"]
[EventCountry "CAN"]

1. Nf3 c5 2. g3 Nc6 3. Bg2 g6 4. c3 Bg7 5. d3 Nf6 6. e4 d6 7. h3 O-O 8. O-O Rb8
9. Be3 Bd7 10. Nh2 e5 11. Nd2 b5 12. g4 Qc8 13. f4 exf4 14. Bxf4 Ne8 15. Ndf3
b4 16. Qd2 bxc3 17. bxc3 Qa6 18. Bh6 Qa3 19. Bxg7 Kxg7 20. Rab1 Nf6 21. Nh4
Rxb1 22. Rxb1 Qa6 23. Rf1 Be6 24. Qg5 Nd7 25. Nf5+ Bxf5 26. gxf5 f6 27. Qd2
Nce5 28. Ng4 Nxg4 29. hxg4 Ne5 30. fxg6 hxg6 31. g5 Qxd3 32. Qb2 Qe3+ 33. Kh1
Qxg5 34. Qb7+ Rf7 35. Qd5 Qh4+ 36. Kg1 Qg3 37. Qd2 Nc4 38. Qf4 Qxf4 39. Rxf4
Ne5 40. Bf1 Rb7 41. Rf2 Rb1 42. Kg2 Kf7 43. c4 Rc1 44. Rb2 Nxc4 45. Rb7+ Kg8
46. Bxc4+ Rxc4 47. Rxa7 Rxe4 48. Kf3 Re8 49. Rd7 Re6 50. a4 d5 51. Rxd5 Rc6 52.
a5 Kf7 53. Ke4 Ke6 54. Rd1 Ra6 55. Ra1 Kd6 56. Kd3 Kd5 57. Kc3 f5 58. Kb3 g5
59. Ka4 g4 60. Kb5 Rg6 61. a6 Rg8 62. Rd1+ Ke4 63. Kxc5 g3 64. a7 g2 65. Kb6 f4
66. Rb1 f3 67. Kc7 f2 68. Rb8 Rg7+ 0-1

[Event "Quebec op U1700"]
[Site "Montreal CAN"]
[Date "2016.07.24"]
[Round "2.17"]
[White "Rozman, Zeljko"]
[Black "Frangakis, Evan"]
[Result "1-0"]
[WhiteElo "1429"]
[BlackElo "1575"]
[PlyCount "83"]
[EventDate "2016.07.23"]
[EventType "swiss"]
[EventRounds "8"]
[EventCountry "CAN"]

1. e4 c6 2. d4 d5 3. Nc3 dxe4 4. Nxe4 Bf5 5. Ng3 Bg6 6. h4 h6 7. h5 Bh7 8. Nf3
Nd7 9. Bc4 Ngf6 10. Qe2 Qc7 11. O-O Nd5 12. Re1 e6 13. Bb3 O-O-O 14. c4 Nb4 15.
Rd1 c5 16. Be3 cxd4 17. Nxd4 a6 18. a3 Nc6 19. Rac1 Bd6 20. Nb5 axb5 21. cxb5
Ndb8 22. bxc6 Nxc6 23. Ba4 Bxg3 24. Bxc6 Rxd1+ 25. Qxd1 Bxf2+ 26. Bxf2 bxc6 27.
Qf3 Kb7 28. Qb3+ Kc8 29. Qa4 Kb7 30. Qa7+ Kc8 31. Qa8+ Qb8 32. Qxc6+ Kd8 33.
Bc5 Be4 34. Qxe4 Qxb2 35. Rd1+ Kc7 36. Qa4 Rd8 37. Qa5+ Kc6 38. Qxd8 Kxc5 39.
Qd6+ Kc4 40. Qc6+ Kb3 41. Qb5+ Ka2 42. Qxb2+ 1-0

[Event "Quebec op U1700"]
[Site "Montreal CAN"]
[Date "2016.07.24"]
[Round "2.18"]
[White "Kuleshova, Julia"]
[Black "Germain, Max jr"]
[Result "1-0"]
[WhiteElo "1553"]
[BlackElo "1411"]
[PlyCount "47"]
[EventDate "2016.07.23"]
[EventType "swiss"]
[EventRounds "8"]
[EventCountry "CAN"]

1. e4 c5 2. Nf3 e6 3. c3 Nf6 4. e5 Nd5 5. d4 cxd4 6. cxd4 Nc6 7. Bc4 Nb6 8. Bb3
d6 9. Bg5 Be7 10. Bxe7 Qxe7 11. O-O dxe5 12. dxe5 O-O 13. Nc3 Nd7 14. Re1 b6
15. Nb5 Nc5 16. Bc2 Bb7 17. Nd6 Rad8 18. Qb1 Ba8 19. b4 Nb7 20. Nxb7 Bxb7 21.
Bxh7+ Kh8 22. Be4 Rd7 23. a3 Nd4 24. Bxb7 1-0

[Event "Quebec op U1700"]
[Site "Montreal CAN"]
[Date "2016.07.24"]
[Round "2.20"]
[White "Perreault, Jacques"]
[Black "Grenier, Marcel"]
[Result "1-0"]
[WhiteElo "1389"]
[BlackElo "1528"]
[PlyCount "99"]
[EventDate "2016.07.23"]
[EventType "swiss"]
[EventRounds "8"]
[EventCountry "CAN"]

1. c4 Nf6 2. Nc3 e5 3. Nf3 Nc6 4. g3 d6 5. Bg2 Be7 6. O-O O-O 7. d4 exd4 8.
Nxd4 Nxd4 9. Qxd4 c5 10. Qd3 Rb8 11. Rd1 a6 12. Bf4 Ne8 13. Rd2 Be6 14. Nd5
Bxd5 15. Bxd5 Bg5 16. Qf3 Bxf4 17. gxf4 Qc7 18. Qg3 Nf6 19. Bf3 Rfe8 20. Qg2 b5
21. b3 bxc4 22. bxc4 Rb4 23. Rc1 Reb8 24. h4 Rb1 25. Rcd1 Rxd1+ 26. Rxd1 Rb2
27. a3 h6 28. Rd3 Qb6 29. e3 Rb3 30. Qf1 Rxd3 31. Qxd3 Qc7 32. Kg2 a5 33. Qb3
Kf8 34. Qb5 Ke7 35. f5 Nd7 36. Bd5 Ne5 37. f4 Ng4 38. Kf3 Nf6 39. Bc6 Nd7 40.
e4 Nf6 41. a4 Nd7 42. Bxd7 Qxd7 43. Qxa5 g6 44. Qb5 gxf5 45. Qxd7+ Kxd7 46.
exf5 f6 47. Ke4 Kc6 48. a5 d5+ 49. cxd5+ Kd6 50. a6 1-0

[Event "Quebec op U1700"]
[Site "Montreal CAN"]
[Date "2016.07.24"]
[Round "2.21"]
[White "Hebert, Mario"]
[Black "Chang, Alexander"]
[Result "1-0"]
[WhiteElo "1489"]
[BlackElo "1396"]
[PlyCount "97"]
[EventDate "2016.07.23"]
[EventType "swiss"]
[EventRounds "8"]
[EventCountry "CAN"]

1. c4 c5 2. Nc3 g6 3. Nf3 Bg7 4. g3 Nf6 5. Bg2 O-O 6. O-O Nc6 7. Rb1 Rb8 8. a3
b6 9. b4 cxb4 10. axb4 a6 11. b5 Na5 12. d3 d5 13. Bf4 Ra8 14. Nxd5 Nxd5 15.
cxd5 Bb7 16. e4 Rc8 17. bxa6 Bxa6 18. Be3 Rb8 19. Qd2 b5 20. Bd4 Bxd4 21. Nxd4
Qb6 22. Qb4 Ra8 23. Bh3 Rfb8 24. Rfc1 Bc8 25. Bxc8 Rxc8 26. Rxc8+ Rxc8 27. Nxb5
Nb7 28. d4 Nd6 29. Nxd6 Qxb4 30. Rxb4 exd6 31. Rb6 Rd8 32. f4 f5 33. e5 dxe5
34. fxe5 Rxd5 35. Rb4 Kf7 36. Kf2 Rd7 37. Ke3 Ke6 38. h4 Kd5 39. Rb5+ Kc6 40.
Rc5+ Kb6 41. Rc8 Kb7 42. Rc5 Kb6 43. Kd3 h6 44. Kc4 Re7 45. Rd5 Re6 46. Rd8 Kc7
47. Rh8 g5 48. hxg5 hxg5 49. Rf8 1-0

[Event "Quebec op U1700"]
[Site "Montreal CAN"]
[Date "2016.07.24"]
[Round "2.22"]
[White "Pellerin-Leclerc, Jonathan"]
[Black "Bergeron, Jean-Guy"]
[Result "1-0"]
[WhiteElo "1339"]
[BlackElo "1453"]
[PlyCount "65"]
[EventDate "2016.07.23"]
[EventType "swiss"]
[EventRounds "8"]
[EventCountry "CAN"]

1. e4 Nc6 2. d4 e5 3. dxe5 Nxe5 4. Nf3 Nxf3+ 5. Qxf3 Qf6 6. Qg3 Qg6 7. Qxg6
hxg6 8. Nc3 Bc5 9. Bd2 Nf6 10. f3 Nh5 11. Ne2 d6 12. O-O-O Be6 13. b3 Bf2 14.
Bc3 Kf8 15. Bd4 Bh4 16. Rg1 Bg5+ 17. Kb2 Nf4 18. Nxf4 Bxf4 19. g3 Bg5 20. f4
Be7 21. h4 Bg4 22. Rd2 a6 23. Bg2 c5 24. Bc3 Rd8 25. e5 b5 26. Ba5 Rh5 27. Bxd8
Bxd8 28. Rxd6 Ke7 29. Rxa6 Bc8 30. Ra7+ Ke6 31. Rd1 Be7 32. Bd5+ Kf5 33. Rxe7
1-0

[Event "Quebec op U1700"]
[Site "Montreal CAN"]
[Date "2016.07.24"]
[Round "2.23"]
[White "Chira, Dan"]
[Black "Langlois, Jean-Marie"]
[Result "0-1"]
[WhiteElo "1447"]
[BlackElo "1373"]
[PlyCount "50"]
[EventDate "2016.07.23"]
[EventType "swiss"]
[EventRounds "8"]
[EventCountry "CAN"]

1. e4 c5 2. f4 e6 3. Nf3 Nc6 4. e5 d6 5. Bb5 Bd7 6. Nc3 a6 7. Be2 Qc7 8. exd6
Bxd6 9. g3 Nf6 10. d4 cxd4 11. Nxd4 Nxd4 12. Qxd4 Bc6 13. Rg1 O-O 14. Be3 e5
15. fxe5 Bxe5 16. Qd2 Rfd8 17. Bd3 Bxc3 18. Qxc3 Nd5 19. Bf4 Re8+ 20. Kd2 Nxf4
21. Rae1 Nxd3 22. cxd3 Qb6 23. Rxe8+ Rxe8 24. Re1 Qf2+ 25. Kd1 Bf3+ 0-1

[Event "Quebec op U1700"]
[Site "Montreal CAN"]
[Date "2016.07.24"]
[Round "2.25"]
[White "Dion, Yves"]
[Black "Wang, Isabelle"]
[Result "1-0"]
[WhiteElo "1431"]
[BlackElo "1335"]
[PlyCount "69"]
[EventDate "2016.07.23"]
[EventType "swiss"]
[EventRounds "8"]
[EventCountry "CAN"]

1. b3 e5 2. Bb2 Nc6 3. e3 d5 4. c4 d4 5. exd4 Nxd4 6. Be2 c5 7. Nf3 Bd6 8. d3
Nf6 9. Nbd2 b6 10. Nxd4 exd4 11. O-O O-O 12. Bf3 Rb8 13. Re1 Be6 14. Ne4 Bc7
15. Bc1 Nxe4 16. Bxe4 Qd6 17. g3 Bd7 18. Bf4 Qf6 19. Bxc7 Rbe8 20. Bf4 h6 21.
Qf3 Bf5 22. Bxf5 Qxf5 23. g4 Qf6 24. Qg3 g5 25. Bd6 Rxe1+ 26. Rxe1 Rc8 27. h4
gxh4 28. Qe5 Qg6 29. Qf5 Qxf5 30. gxf5 Rd8 31. Be7 Re8 32. f6 Kh7 33. Kh2 Kg6
34. Rg1+ Kh7 35. Rg7+ 1-0

[Event "Quebec op U1700"]
[Site "Montreal CAN"]
[Date "2016.07.24"]
[Round "3.1"]
[White "Piche, Guy"]
[Black "Robillard, Jean-Philippe"]
[Result "0-1"]
[WhiteElo "1649"]
[BlackElo "1529"]
[PlyCount "58"]
[EventDate "2016.07.23"]
[EventType "swiss"]
[EventRounds "8"]
[EventCountry "CAN"]

1. f4 Nf6 2. Nc3 d5 3. e3 Bg4 4. Be2 Bxe2 5. Ncxe2 c5 6. Nf3 Nc6 7. b3 g6 8.
Bb2 Bg7 9. O-O O-O 10. Ne5 Qc7 11. Nxc6 Qxc6 12. Rb1 b5 13. Ng3 e6 14. d3 b4
15. Qf3 Rfc8 16. c4 bxc3 17. Bxc3 Qa6 18. Qe2 Rc6 19. Rfd1 d4 20. exd4 Nd5 21.
Ba1 Bxd4+ 22. Bxd4 cxd4 23. Qf2 Nc3 24. Ne4 Nxb1 25. Rxb1 Qxd3 26. Re1 Rac8 27.
Qh4 Rc1 28. Nf6+ Kg7 29. Ne8+ Rxe8 0-1

[Event "Quebec op U1700"]
[Site "Montreal CAN"]
[Date "2016.07.24"]
[Round "3.2"]
[White "Kartobi, Youcef"]
[Black "Plante, Marc-Eric"]
[Result "0-1"]
[WhiteElo "1534"]
[BlackElo "1633"]
[PlyCount "90"]
[EventDate "2016.07.23"]
[EventType "swiss"]
[EventRounds "8"]
[EventCountry "CAN"]

1. d4 Nf6 2. c4 e6 3. Nf3 b6 4. g3 Bb7 5. Bg2 Be7 6. O-O O-O 7. Nc3 Ne4 8. Nxe4
Bxe4 9. Nd2 Bxg2 10. Kxg2 f5 11. e3 d6 12. b3 Bf6 13. Qc2 Nd7 14. Bb2 Qe8 15.
Rad1 e5 16. dxe5 Bxe5 17. Nf3 h6 18. b4 a5 19. b5 Bxb2 20. Qxb2 g5 21. Qd4 Nc5
22. Qd5+ Qe6 23. Qxe6+ Nxe6 24. Nd4 Nxd4 25. Rxd4 Rae8 26. Rfd1 Re5 27. Rd5
Rfe8 28. a4 g4 29. h4 Kf7 30. R1d3 Kf6 31. Rxe5 Rxe5 32. f4 Re4 33. Rc3 Ke6 34.
Kf2 d5 35. cxd5+ Kxd5 36. Rxc7 Rxa4 37. Rc6 Ra2+ 38. Kg1 Rb2 39. Rxb6 Kc5 40.
Rf6 Rxb5 41. Rxf5+ Kb4 42. Rf6 a4 43. Rxh6 a3 44. Rd6 a2 45. Rd1 Kc3 0-1

[Event "Quebec op U1700"]
[Site "Montreal CAN"]
[Date "2016.07.24"]
[Round "3.3"]
[White "Houle, Sebastien"]
[Black "Blanchette, Rene"]
[Result "1-0"]
[WhiteElo "1492"]
[BlackElo "1610"]
[PlyCount "123"]
[EventDate "2016.07.23"]
[EventType "swiss"]
[EventRounds "8"]
[EventCountry "CAN"]

1. e4 Nf6 2. e5 Nd5 3. d4 d6 4. Nf3 g6 5. Be2 Bg7 6. O-O O-O 7. c4 Nb6 8. b3
Nc6 9. Bb2 Bg4 10. exd6 cxd6 11. Nbd2 d5 12. h3 Bxf3 13. Nxf3 dxc4 14. bxc4 e6
15. Re1 Qe7 16. Qb3 Rfd8 17. Red1 Qb4 18. Bc3 Qxb3 19. axb3 Rd7 20. Ne5 Nxe5
21. dxe5 Rad8 22. f4 Rxd1+ 23. Rxd1 Rxd1+ 24. Bxd1 Bf8 25. Bf3 Nd7 26. b4 b6
27. Kf2 Be7 28. Bc6 Nb8 29. Bb5 h5 30. Kf3 Kf8 31. g4 hxg4+ 32. hxg4 Bd8 33.
Ke4 Ke7 34. Be1 Kf8 35. Bf2 a6 36. Ba4 a5 37. bxa5 bxa5 38. Bb5 g5 39. Bc5+ Kg7
40. Bd6 a4 41. Bxa4 Na6 42. fxg5 Bb6 43. Bb5 Nc5+ 44. Kf4 Kg6 45. Be7 Nd3+ 46.
Ke4 Nf2+ 47. Kf3 Nd3 48. Bf6 Bc5 49. Bc6 Nf2 50. Be4+ Nxe4 51. Kxe4 Kh7 52. Bd8
Kg6 53. Kf4 Bg1 54. Be7 Bh2+ 55. Ke4 Bg1 56. c5 Bf2 57. c6 Bb6 58. Kf4 Bc7 59.
Bd6 Bd8 60. c7 Bxg5+ 61. Ke4 f5+ 62. exf6 1-0

[Event "Quebec op U1700"]
[Site "Montreal CAN"]
[Date "2016.07.24"]
[Round "3.4"]
[White "Milosz, Jerzy"]
[Black "Varfalvy, Peter"]
[Result "1/2-1/2"]
[WhiteElo "1590"]
[BlackElo "1404"]
[PlyCount "126"]
[EventDate "2016.07.23"]
[EventType "swiss"]
[EventRounds "8"]
[EventCountry "CAN"]

1. e4 c6 2. d4 d5 3. exd5 cxd5 4. c4 Nf6 5. Nc3 e6 6. Nf3 Nc6 7. cxd5 Nxd5 8.
Bb5 Bb4 9. Bd2 O-O 10. Bxc6 bxc6 11. Nxd5 Bxd2+ 12. Qxd2 Qxd5 13. O-O c5 14.
dxc5 Qxc5 15. Rac1 Qe7 16. Qa5 Qf6 17. Qb5 a5 18. Rfd1 Ba6 19. Qe5 Rfc8 20.
Qxf6 gxf6 21. Rc3 Rxc3 22. bxc3 Rc8 23. Rc1 Kf8 24. Nd2 Rd8 25. Ne4 f5 26. Nc5
Bc4 27. a3 Rd5 28. Na4 Rb5 29. f3 Rb3 30. h3 Bb5 31. Nb6 Ba6 32. Nd7+ Ke7 33.
Nc5 Rb6 34. Nxa6 Rxa6 35. Rb1 Ra7 36. Rb6 Rc7 37. Ra6 Rc5 38. Kf2 Rxc3 39. Rxa5
f4 40. h4 Kf6 41. a4 Ra3 42. g4 Ra2+ 43. Ke1 h6 44. Kf1 Kg6 45. Ra8 Ra1+ 46.
Ke2 Ra2+ 47. Kd3 f5 48. gxf5+ exf5 49. a5 Ra3+ 50. Ke2 Ra2+ 51. Kd3 Kh5 52. a6
Ra3+ 53. Ke2 Ra2+ 54. Kf1 Kxh4 55. a7 h5 56. Ke1 Kh3 57. Kf1 h4 58. Kg1 Ra1+
59. Kf2 Ra2+ 60. Kf1 Kh2 61. Ke1 h3 62. Kf1 Ra1+ 63. Kf2 Ra2+ 1/2-1/2

[Event "Quebec op U1700"]
[Site "Montreal CAN"]
[Date "2016.07.24"]
[Round "3.5"]
[White "Omichi, Haruaki"]
[Black "Morin, Maxime"]
[Result "1/2-1/2"]
[WhiteElo "1360"]
[BlackElo "1583"]
[PlyCount "81"]
[EventDate "2016.07.23"]
[EventType "swiss"]
[EventRounds "8"]
[EventCountry "CAN"]

1. e4 c5 2. Nf3 Nc6 3. d4 cxd4 4. Nxd4 g6 5. Nc3 Bg7 6. Be3 Nf6 7. f3 O-O 8.
Bc4 a6 9. Qd2 b5 10. Bb3 Bb7 11. O-O-O Na5 12. g4 Nc4 13. Bxc4 bxc4 14. h4 h5
15. gxh5 Nxh5 16. Nde2 d6 17. Nf4 Qa5 18. Nxh5 Qxh5 19. Rdg1 Qxf3 20. h5 Bxe4
21. Nxe4 Qxe4 22. hxg6 fxg6 23. Bh6 Qd4 24. Qxd4 Bxd4 25. Rxg6+ Kf7 26. Bxf8
Kxg6 27. Bxe7 Be3+ 28. Kd1 d5 29. Ke2 Bd4 30. c3 Re8 31. cxd4 Rxe7+ 32. Kf3 Rb7
33. Rh2 Re7 34. Re2 Rxe2 35. Kxe2 Kg5 36. Kf3 a5 37. Kg3 Kf5 38. Kf3 Kg5 39. a3
a4 40. Kg3 Kf5 41. Kf3 1/2-1/2

[Event "Quebec op U1700"]
[Site "Montreal CAN"]
[Date "2016.07.24"]
[Round "3.6"]
[White "Perusse, Jacques"]
[Black "Lesage, Philippe"]
[Result "0-1"]
[WhiteElo "1522"]
[BlackElo "1689"]
[PlyCount "80"]
[EventDate "2016.07.23"]
[EventType "swiss"]
[EventRounds "8"]
[EventCountry "CAN"]

1. Nf3 Nf6 2. c4 e6 3. Nc3 Bb4 4. Qc2 O-O 5. a3 Bxc3 6. Qxc3 b6 7. d3 d6 8. Bg5
Nbd7 9. e4 Bb7 10. Be2 e5 11. O-O Nc5 12. Nd2 Ncxe4 13. Nxe4 Nxe4 14. dxe4 Qxg5
15. f3 Rae8 16. Bd3 Bc8 17. Kh1 Re6 18. Qc1 Qh5 19. g4 Qh3 20. Rf2 Rf6 21. Bf1
Qh4 22. g5 Qxf2 23. gxf6 Qxf3+ 24. Bg2 Qxf6 25. Qe3 Qf4 26. Qd3 Qg5 27. Rf1 Be6
28. Qc2 Kh8 29. Rf3 f5 30. Rg3 Qh4 31. Qe2 f4 32. Rf3 Bg4 33. Qf2 Qxf2 34. Rxf2
f3 35. Kg1 Rf4 36. h3 Bh5 37. Bf1 Rxe4 38. Kh2 g5 39. Kg3 Rf4 40. b3 e4 0-1

[Event "Quebec op U1700"]
[Site "Montreal CAN"]
[Date "2016.07.24"]
[Round "3.7"]
[White "Sonn, Eric"]
[Black "Turgeon, Yoakim"]
[Result "0-1"]
[WhiteElo "1506"]
[BlackElo "1675"]
[PlyCount "160"]
[EventDate "2016.07.23"]
[EventType "swiss"]
[EventRounds "8"]
[EventCountry "CAN"]

1. e4 e5 2. f4 Bc5 3. Nf3 d6 4. c3 Bg4 5. Be2 Bxf3 6. Bxf3 Nc6 7. d3 Nf6 8. Qe2
O-O 9. Be3 Bxe3 10. Qxe3 d5 11. O-O dxe4 12. dxe4 exf4 13. Qxf4 Re8 14. Na3 Qe7
15. Rae1 Ne5 16. Qg5 Qc5+ 17. Qe3 Nxf3+ 18. gxf3 Qxe3+ 19. Rxe3 Rad8 20. Re2
Nh5 21. f4 Nf6 22. e5 Nd5 23. Nb5 a6 24. Nd4 g6 25. f5 c5 26. fxg6 fxg6 27. Nc2
Re6 28. c4 Nb6 29. Re4 Rde8 30. b4 Rxe5 31. Ref4 cxb4 32. Nxb4 Re1 33. c5 Rxf1+
34. Rxf1 Re4 35. Rb1 Na4 36. c6 bxc6 37. Nxc6 Nc3 38. Rb8+ Kg7 39. Rb6 Ra4 40.
Nb8 a5 41. Rb7+ Kh6 42. Rb3 Ne2+ 43. Kf1 Rxa2 44. Na6 Nd4 45. Rd3 Nc6 46. h3
Nb4 47. Nxb4 axb4 48. Rb3 Ra3 49. Rxb4 Rxh3 50. Kg2 Rh5 51. Kg3 Rf5 52. Kg4 Kg7
53. Rb7+ Rf7 54. Rb5 h6 55. Ra5 Re7 56. Kf4 Kf6 57. Ra8 h5 58. Ra5 Re6 59. Rb5
Rc6 60. Ra5 g5+ 61. Kf3 Re6 62. Ra8 Kf5 63. Ra5+ Re5 64. Ra8 g4+ 65. Kf2 h4 66.
Rf8+ Kg5 67. Rg8+ Kf4 68. Rf8+ Rf5 69. Ra8 Ke4+ 70. Kg2 Kf4 71. Ra4+ Kg5 72.
Re4 h3+ 73. Kg1 g3 74. Ra4 Rf4 75. Ra8 Kg4 76. Rg8+ Kf3 77. Kh1 g2+ 78. Kh2 Kf2
79. Rg3 Kf1 80. Rg8 Rf2 0-1

[Event "Quebec op U1700"]
[Site "Montreal CAN"]
[Date "2016.07.24"]
[Round "3.8"]
[White "Tsanaclis, Albert"]
[Black "Zhong, Kevin"]
[Result "0-1"]
[WhiteElo "1692"]
[BlackElo "1519"]
[PlyCount "96"]
[EventDate "2016.07.23"]
[EventType "swiss"]
[EventRounds "8"]
[EventCountry "CAN"]

1. e4 c5 2. c3 d5 3. exd5 Qxd5 4. d4 Nc6 5. Nf3 Bg4 6. Be2 cxd4 7. cxd4 e6 8.
Nc3 Bb4 9. O-O Qa5 10. Qd3 Nge7 11. a3 Bxc3 12. bxc3 O-O 13. Ng5 Bf5 14. Qd2 h6
15. Nf3 Rfd8 16. Qe3 Nd5 17. Qd2 Qxc3 18. Bb2 Qxd2 19. Nxd2 Nf4 20. Bf3 Nxd4
21. Bxd4 Rxd4 22. Nb3 Rdd8 23. Bxb7 Rab8 24. Na5 Ne2+ 25. Kh1 Nd4 26. Rad1 Nc2
27. a4 Nd4 28. Rd2 Bc2 29. Ra1 Nb3 30. Rxd8+ Rxd8 31. Nxb3 Bxb3 32. a5 Rd1+ 33.
Rxd1 Bxd1 34. Kg1 Kf8 35. Kf1 Ke7 36. Ke1 Ba4 37. a6 Kd6 38. Bf3 Bb5 39. Kd2
Bxa6 40. Kc2 Bc4 41. Kb2 Bd5 42. Bh5 g6 43. Be2 Bxg2 44. Ka3 f5 45. Kb4 Ke5 46.
Kc3 Kf4 47. Kd2 e5 48. h4 Bf3 0-1

[Event "Quebec op U1700"]
[Site "Montreal CAN"]
[Date "2016.07.24"]
[Round "3.9"]
[White "Lima-Barbosa, Raphael"]
[Black "Dion, Yves"]
[Result "1-0"]
[WhiteElo "1663"]
[BlackElo "1431"]
[PlyCount "53"]
[EventDate "2016.07.23"]
[EventType "swiss"]
[EventRounds "8"]
[EventCountry "CAN"]

1. d4 Nf6 2. c4 e6 3. Nc3 Bb4 4. Qc2 c5 5. e3 cxd4 6. exd4 Nc6 7. Nf3 Qc7 8. a3
Bxc3+ 9. Qxc3 O-O 10. Bd3 d5 11. c5 Re8 12. O-O Bd7 13. Rd1 b6 14. b4 bxc5 15.
bxc5 Rab8 16. g3 Na5 17. Bf4 Rb3 18. Qxb3 Nxb3 19. Bxc7 Nxa1 20. Rxa1 h6 21.
Ne5 Ba4 22. Rb1 Nh5 23. Rb4 Bd1 24. Rb8 Nf6 25. Bb5 Rxb8 26. Bxb8 Ne4 27. c6
1-0

[Event "Quebec op U1700"]
[Site "Montreal CAN"]
[Date "2016.07.24"]
[Round "3.10"]
[White "Cholette, Mario"]
[Black "Yu, Daniel-Tianqi"]
[Result "0-1"]
[WhiteElo "1432"]
[BlackElo "1639"]
[PlyCount "36"]
[EventDate "2016.07.23"]
[EventType "swiss"]
[EventRounds "8"]
[EventCountry "CAN"]

1. e4 e5 2. Nf3 Nc6 3. Bb5 Nf6 4. O-O a6 5. Ba4 Be7 6. Re1 b5 7. Bb3 O-O 8. c3
d5 9. exd5 Nxd5 10. Nxe5 Nxe5 11. Rxe5 Nf6 12. d4 Bd6 13. Re1 Ng4 14. h3 Qh4
15. Qf3 Nxf2 16. Be3 Nxh3+ 17. Kf1 Bg4 18. Qd5 Qf6+ 0-1

[Event "Quebec op U1700"]
[Site "Montreal CAN"]
[Date "2016.07.24"]
[Round "3.11"]
[White "Cloutier, Jean-Pierre"]
[Black "Rozman, Zeljko"]
[Result "1-0"]
[WhiteElo "1637"]
[BlackElo "1429"]
[PlyCount "41"]
[EventDate "2016.07.23"]
[EventType "swiss"]
[EventRounds "8"]
[EventCountry "CAN"]

1. e4 e6 2. d4 c5 3. Nf3 cxd4 4. Nxd4 Nc6 5. Nc3 a6 6. Be3 Bb4 7. Qd2 Nf6 8. f3
O-O 9. Nb3 d5 10. O-O-O a5 11. a3 a4 12. Nd4 Be7 13. g4 Nxd4 14. Qxd4 dxe4 15.
Nxe4 Nd5 16. Bb5 Qa5 17. c4 Nxe3 18. Qxe3 Qc7 19. Kb1 b6 20. g5 Bb7 21. Rd7 1-0

[Event "Quebec op U1700"]
[Site "Montreal CAN"]
[Date "2016.07.24"]
[Round "3.12"]
[White "Tremblay, Mario"]
[Black "Zheng, Richard"]
[Result "0-1"]
[WhiteElo "1631"]
[BlackElo "1398"]
[PlyCount "90"]
[EventDate "2016.07.23"]
[EventType "swiss"]
[EventRounds "8"]
[EventCountry "CAN"]

1. e4 e5 2. Nf3 Nc6 3. d4 exd4 4. Bc4 Be7 5. O-O d6 6. Nxd4 Nf6 7. Nc3 O-O 8.
h3 Nxd4 9. Qxd4 b6 10. Bg5 h6 11. Bh4 Bb7 12. Rad1 Nd7 13. Bxe7 Qxe7 14. f4 Nc5
15. Rde1 Ne6 16. Qe3 c5 17. f5 Nd4 18. f6 Qe5 19. fxg7 Kxg7 20. Bd3 c4 21. Bxc4
Nxc2 22. Qf3 Nxe1 23. Qg4+ Qg5 24. Rxe1 Qxg4 25. hxg4 a6 26. Bd5 Bxd5 27. Nxd5
b5 28. Ne7 Rfd8 29. Rf1 Rd7 30. Nd5 Rad8 31. Rf5 Rc8 32. g5 Rc2 33. gxh6+ Kxh6
34. g4 Rxb2 35. g5+ Kg6 36. Nf4+ Kh7 37. Nd5 Kh8 38. Rf6 Rxa2 39. Rh6+ Kg7 40.
Nf6 Rd8 41. Nh5+ Kf8 42. Nf6 Rd2 43. Nd5 Kg7 44. Nf6 b4 45. Rh7+ Kg6 0-1

[Event "Quebec op U1700"]
[Site "Montreal CAN"]
[Date "2016.07.24"]
[Round "3.13"]
[White "Perreault, Jacques"]
[Black "Kuleshova, Julia"]
[Result "1-0"]
[WhiteElo "1389"]
[BlackElo "1553"]
[PlyCount "79"]
[EventDate "2016.07.23"]
[EventType "swiss"]
[EventRounds "8"]
[EventCountry "CAN"]

1. Nf3 Nf6 2. c4 g6 3. Nc3 Bg7 4. g3 O-O 5. Bg2 d6 6. d4 c5 7. d5 Na6 8. O-O
Bd7 9. e4 Nc7 10. Qd3 Rb8 11. a4 Na6 12. Bf4 h6 13. Qd2 g5 14. e5 Ne8 15. Be3
dxe5 16. Ne4 Rc8 17. Nfxg5 hxg5 18. Bxg5 f6 19. Bh6 Nd6 20. Bxg7 Kxg7 21. Qe2
Qe8 22. a5 Qg6 23. Nd2 Rh8 24. f4 Bf5 25. Ra3 e4 26. h4 Nb4 27. Kh2 Bg4 28. Qf2
Nc2 29. Rc3 e3 30. Rxe3 Nxe3 31. Qxe3 Rhe8 32. Bh3 Bxh3 33. Kxh3 Qf5+ 34. g4
Qc2 35. b3 Qa2 36. g5 Nf5 37. Qd3 Qxa5 38. Qxf5 Qxd2 39. gxf6+ exf6 40. Rg1+
1-0

[Event "Quebec op U1700"]
[Site "Montreal CAN"]
[Date "2016.07.24"]
[Round "3.14"]
[White "Duplessis, Claude"]
[Black "Page, Dany"]
[Result "1/2-1/2"]
[WhiteElo "1516"]
[BlackElo "1291"]
[PlyCount "60"]
[EventDate "2016.07.23"]
[EventType "swiss"]
[EventRounds "8"]
[EventCountry "CAN"]

1. e4 c5 2. Nc3 Nc6 3. d3 g6 4. g3 Bg7 5. Bg2 d6 6. Be3 Rb8 7. Nge2 b5 8. Qd2
b4 9. Nd1 Nd4 10. O-O Nxe2+ 11. Qxe2 e6 12. Qd2 Ne7 13. c3 a5 14. Bh6 O-O 15.
Bxg7 Kxg7 16. f4 Bb7 17. Ne3 f5 18. g4 Qd7 19. g5 Bc6 20. Qf2 Rbd8 21. Qh4 Qb7
22. Qh6+ Kg8 23. Nc4 Qa8 24. Rad1 Qa6 25. Qh3 Bb5 26. exf5 Nxf5 27. b3 Bxc4 28.
dxc4 Qc8 29. Rf2 Rde8 30. Qd3 Qd7 1/2-1/2

[Event "Quebec op U1700"]
[Site "Montreal CAN"]
[Date "2016.07.24"]
[Round "3.15"]
[White "Legault, Simon"]
[Black "Shahabi, Shahab"]
[Result "1-0"]
[WhiteElo "1399"]
[BlackElo "1516"]
[PlyCount "49"]
[EventDate "2016.07.23"]
[EventType "swiss"]
[EventRounds "8"]
[EventCountry "CAN"]

1. e4 c5 2. Nc3 d6 3. g3 Nf6 4. Bg2 Nc6 5. d3 e6 6. f4 Be7 7. Nf3 a6 8. O-O O-O
9. a4 Rb8 10. h3 Qc7 11. g4 g6 12. f5 Nd4 13. g5 Nh5 14. f6 Bd8 15. Nxd4 cxd4
16. Ne2 Qd7 17. Qe1 b5 18. Ng3 Nxg3 19. Qxg3 e5 20. Qh4 Kh8 21. Rf3 b4 22. Qh6
Rg8 23. Rg3 a5 24. Rg4 Qe8 25. Rh4 1-0

[Event "Quebec op U1700"]
[Site "Montreal CAN"]
[Date "2016.07.24"]
[Round "3.17"]
[White "Langlois, Jean-Marie"]
[Black "Hebert, Mario"]
[Result "1-0"]
[WhiteElo "1373"]
[BlackElo "1489"]
[PlyCount "58"]
[EventDate "2016.07.23"]
[EventType "swiss"]
[EventRounds "8"]
[EventCountry "CAN"]

1. d4 Nf6 2. Bf4 e6 3. h3 c5 4. Nf3 cxd4 5. Nxd4 d5 6. Nb5 Na6 7. e3 Bc5 8. c4
O-O 9. cxd5 Nxd5 10. Bh2 Qa5+ 11. N1c3 Bb4 12. Qd4 Rd8 13. Qc4 Bd7 14. Be5 Bxb5
15. Qxb5 Qxb5 16. Bxb5 Nc5 17. O-O a6 18. Be2 Bxc3 19. bxc3 f6 20. Bd4 Rac8 21.
c4 Ne7 22. Rab1 Rd7 23. Bf3 Nf5 24. Bxc5 Rxc5 25. Bxb7 Rxc4 26. Bxa6 Rc2 27.
Rfd1 Rxd1+ 28. Rxd1 Rxa2 29. Bc4 Ra8 1-0